|
|
|
|
| LEADER |
00582cam a2200169 7i4500 |
| 001 |
0000029699 |
| 005 |
20210216090000.0 |
| 020 |
# |
# |
|a 9789679695670
|
| 090 |
0 |
0 |
|a B 338.476
|b SAG (LRM)
|
| 245 |
0 |
2 |
|a A Saga :
|b Proton's 25 - year story.
|
| 260 |
0 |
0 |
|a Shah Alam, Selangor:
|b Proton Holdings,
|c 2010.
|
| 300 |
# |
# |
|a 199 p.
|
| 650 |
0 |
0 |
|a Automobile industry and trade --
|x History --
|z Malaysia
|
| 650 |
0 |
0 |
|a Proton --
|x History --
|z Malaysia
|
| 651 |
0 |
0 |
|a Malaysia
|
| 999 |
|
|
|a 0000032259
|b Book
|c Malaysia
|e Business Information Centre
|
| 999 |
|
|
|a 0000032258
|b Book
|c Malaysia
|e Business Information Centre
|